{"text_format":"3","workbook":"xls","n_sheets":7,"sheets":["单项工程费汇总表","单项工程费汇总表(设备单列)","规费审核书","措施项目审核书(含定额)","分部分项审核书(含定额)","措施项目审核书2(含定额)","主要材料价格表(含合计)"],"read":"whole","date_system":"1900","formulas":"cached_only"}

{"sheet":"单项工程费汇总表","index":0,"n_rows":6,"n_cols":5,"rows_kept":6,"merged":[[0,0,0,4],[1,0,1,4],[2,0,2,3]],"flags":["formulas_cached_only"]}
["单项工程费汇总表"]
[""]
["工程名称：武夷学院南门围墙工程和兴贤车棚改造等零星工程",{"$nulls":3},"第1页 共1页"]
["序号","单位工程名称","审前造价","审后造价","审核增减"]
["1","单项工程",{"v":293288,"d":"293288.00"},{"v":290282,"d":"290282.00"},{"v":-3006,"d":"-3006.00"}]
["","合      计",{"v":293288,"d":"293288.00"},{"v":290282,"d":"290282.00"},{"v":-3006,"d":"-3006.00"}]

{"sheet":"单项工程费汇总表(设备单列)","index":1,"n_rows":7,"n_cols":5,"rows_kept":7,"merged":[[0,0,0,4],[1,0,1,4],[2,0,2,3]],"flags":["formulas_cached_only"]}
["单项工程费汇总表"]
[""]
["工程名称：武夷学院南门围墙工程和兴贤车棚改造等零星工程",{"$nulls":3},"第1页 共1页"]
["序号","单位工程名称","审前造价","审后造价","审核增减"]
["1","单项工程",{"v":293288,"d":"293288.00"},{"v":290282,"d":"290282.00"},{"v":-3006,"d":"-3006.00"}]
["","设备费","0","0"]
["","合      计",{"v":293288,"d":"293288.00"},{"v":290282,"d":"290282.00"},{"v":-3006,"d":"-3006.00"}]

{"sheet":"规费审核书","index":2,"n_rows":10,"n_cols":6,"rows_kept":10,"merged":[[0,0,0,5],[1,0,1,5],[2,0,2,4]],"flags":["formulas_cached_only"]}
["规费审核书"]
[""]
["工程名称：武夷学院南门围墙工程和兴贤车棚改造等零星工程",{"$nulls":4},"第1页 共1页"]
["序号","项 目 名 称","单位","审前造价","审后造价","审核增减"]
["1","工程排污费","项"]
["2","劳保费用","项",{"v":11425,"d":"11425.00"},{"v":11337,"d":"11337.00"},{"v":-88,"d":"-88.00"}]
["3","农民工工伤保险费","项"]
["4","危险作业意外伤害保险费","项",{"v":446,"d":"446.00"},{"v":443,"d":"443.00"},{"v":-3,"d":"-3.00"}]
["5","价格调节基金","项",null,{"v":839,"d":"839.00"},{"v":839,"d":"839.00"}]
["","合  计","",{"v":11871,"d":"11871.00"},{"v":12619,"d":"12619.00"},{"v":748,"d":"748.00"}]

{"sheet":"措施项目审核书(含定额)","index":3,"n_rows":27,"n_cols":6,"rows_kept":27,"merged":[[0,0,0,5],[1,0,1,5],[2,0,2,2],[2,3,2,5],[3,0,4,0],[3,1,4,1],[3,2,4,2],[3,3,4,3],[3,4,4,4],[3,5,4,5],[16,0,16,5],[23,0,23,5],[24,0,24,5]],"flags":["formulas_cached_only"]}
["措施项目工程量清单审核书"]
[""]
["工程名称：武夷学院南门围墙工程和兴贤车棚改造等零星工程",null,null,"第1页 共1页"]
["序号","项 目 名 称","单位","审前合计","审后合计","审核增减"]
[]
["1","文明施工费","项",{"v":744,"d":"744.00"},{"v":990,"d":"990.00"},{"v":246,"d":"246.00"}]
["2","安全施工费","项",{"v":1072,"d":"1072.00"},{"v":1428,"d":"1428.00"},{"v":356,"d":"356.00"}]
["3","临时设施费","项",{"v":982,"d":"982.00"},{"v":1309,"d":"1309.00"},{"v":327,"d":"327.00"}]
["4","夜间施工费","项",{"v":223,"d":"223.00"},{"v":298,"d":"298.00"},{"v":75,"d":"75.00"}]
["5","已完工程及设备保护费","项",{"v":149,"d":"149.00"},{"v":198,"d":"198.00"},{"v":49,"d":"49.00"}]
["6","风雨季施工增加费","项",{"v":342,"d":"342.00"},{"v":457,"d":"457.00"},{"v":115,"d":"115.00"}]
["7","生产工具用具使用费","项",{"v":104,"d":"104.00"},{"v":138,"d":"138.00"},{"v":34,"d":"34.00"}]
["8","工程点交、场地清理费","项",{"v":45,"d":"45.00"},{"v":60,"d":"60.00"},{"v":15,"d":"15.00"}]
["9","缩短工期措施费","项"]
["10","优良工程增加费","项"]
["11","各专业工程的措施项目",""]
["        新建栏杆围墙"]
["(1)","混凝土、钢筋混凝土模板及支架","项",9198.51,30090.12,20891.61]
["1.1","混凝土基础模板","m2",{"v":7562.4,"d":"7562.40"},null,{"v":-7562.4,"d":"-7562.40"}]
["1.2","胶合板模板 直形墙","m2",null,{"v":13551.6,"d":"13551.60"},{"v":13551.6,"d":"13551.60"}]
["1.3","胶合板模板 无底模基础梁、地圈梁","m2",null,1137.19,1137.19]
["1.4","里脚手架","m2",1636.11,null,-1636.11]
["1.5","10M内钢管双排脚手架","m2",null,15401.33,15401.33]
["        新建道路"]
["        拆除及安装车棚工程"]
["","本页小计：","",12859.51,34968.12,22108.61]
["","合    计：","",12859.51,34968.12,22108.61]

{"sheet":"分部分项审核书(含定额)","index":4,"n_rows":80,"n_cols":12,"rows_kept":80,"merged":[[0,0,0,11],[1,0,1,11],[2,0,2,9],[2,10,2,11],[3,0,4,0],[3,1,4,1],[3,2,4,2],[3,3,4,3],[3,4,3,6],[3,7,3,9],[3,10,4,10],[3,11,4,11],[5,0,5,11],[6,0,6,11],[7,0,7,11],[24,0,24,11],[25,0,25,11],[26,0,26,9],[26,10,26,11],[27,0,28,0],[27,1,28,1],[27,2,28,2],[27,3,28,3],[27,4,27,6],[27,7,27,9],[27,10,28,10],[27,11,28,11],[37,0,37,11],[50,0,50,11],[51,0,51,11],[52,0,52,9],[52,10,52,11],[53,0,54,0],[53,1,54,1],[53,2,54,2],[53,3,54,3],[53,4,53,6],[53,7,53,9],[53,10,54,10],[53,11,54,11],[57,0,57,11],[74,0,74,11],[75,0,75,11],[76,0,76,9],[76,10,76,11],[77,0,78,0],[77,1,78,1],[77,2,78,2],[77,3,78,3],[77,4,77,6],[77,7,77,9],[77,10,78,10],[77,11,78,11]],"flags":["formulas_cached_only"]}
["分部分项工程量清单审核书"]
[""]
["工程名称：武夷学院南门围墙工程和兴贤车棚改造等零星工程",{"$nulls":9},"第1页 共4页"]
["序号","项目编码","项 目 名 称","单位","审前造价",null,null,"审后造价",null,null,"审核增","审核减"]
[{"$nulls":4},"原工程量","原单价","原合计","工程量","综合单价","合计"]
["        单项工程"]
["        市政工程"]
["        新建栏杆围墙"]
["1","040305002001","现浇混凝土挡墙墙身","m3",267.375,288.44,77121.65,267.375,268.58,71811.58,null,5310.07]
["1.1","40309202","片石混凝土填心(砾石)","m3",267.375,288.44,77121.65,null,288.44,null,null,77121.65]
["1.2","40106026T","现浇20%毛石砼挡土墙(砾石)","m3",{"$nulls":3},267.375,268.58,71811.58,71811.58]
["2","010403004002","围墙圈梁","m3",3.675,353.57,1299.37,3.675,286.56,1053.11,null,246.26]
["2.1","10104016","围墙C20圈梁砼(现场搅拌)(砾石)","m3",3.675,353.57,1299.37,null,353.57,null,null,1299.37]
["2.2","10104014","C20基础梁砼(现场搅拌)(砾石)","m3",{"$nulls":3},3.675,286.56,1053.11,1053.11]
["3","010302005002","实心砖柱","m3",29.837,368.65,10999.41,29.837,368.65,10999.41]
["3.1","10103007","实心方砖柱","m3",29.837,368.65,10999.41,29.837,368.65,10999.41]
["4","020109004002","水泥砂浆零星项目","m2",351.633,16.69,5868.75,351.633,16.69,5868.75]
["4.1","20102027","12mm厚水泥砂浆基层(柱、梁面)","m2",351.633,16.69,5868.75,351.633,16.69,5868.75]
["5","020205003002","块料柱面","m2",{"v":219.3,"d":"219.300"},59.94,13144.84,{"v":219.3,"d":"219.300"},59.94,13144.84]
["5.1","20102173T","200×60面砖(水泥砂浆粘贴) 柱（梁）面、零星项目灰缝(10mm以内)","m2",{"v":219.3,"d":"219.300"},59.94,13144.84,{"v":219.3,"d":"219.300"},59.94,13144.84]
["6","020506001002","抹灰面油漆","m2",151.898,14.23,2161.51,151.898,14.23,2161.51]
["6.1","20105408","柱、梁面水泥漆 外墙面(一底二面)","m2",151.898,14.23,2161.51,151.898,14.23,2161.51]
["7","010606009002","围墙钢栏杆","t",3.063,{"v":12444.8,"d":"12444.80"},38118.42,3.063,{"v":12444.8,"d":"12444.80"},38118.42]
["","","本页小计：","","","",148713.95,"","",143157.62,null,5556.33]
["分部分项工程量清单审核书"]
[""]
["工程名称：武夷学院南门围墙工程",{"$nulls":9},"第2页 共4页"]
["序号","项目编码","项 目 名 称","单位","审前造价",null,null,"审后造价",null,null,"审核增","审核减"]
[{"$nulls":4},"原工程量","原单价","原合计","工程量","综合单价","合计"]
["7.1","10106142","铁栅围墙(方钢)","t",3.063,7021.31,21506.27,3.063,7021.31,21506.27]
["7.2","20101333","铸铁花件 栏板安装","m",{"v":173.45,"d":"173.450"},75.71,{"v":13131.9,"d":"13131.90"},{"v":173.45,"d":"173.450"},75.71,{"v":13131.9,"d":"13131.90"}]
["7.3","20105186","金属面醇酸磁漆两遍","t",3.063,531.78,1628.84,3.063,531.78,1628.84]
["7.4","20105194","金属面红丹防锈漆一遍","t",3.063,137.26,420.43,3.063,137.26,420.43]
["7.5","10104338","预埋铁件安装","t",0.193,7414.47,1430.99,0.193,7414.47,1430.99]
["8","040801006001","拆除砖砌体","m3",{"v":3.4,"d":"3.400"},38.84,132.06,{"v":3.4,"d":"3.400"},38.84,132.06]
["8.1","40104069","拆除砖砌压顶","m3",{"v":3.4,"d":"3.400"},38.84,132.06,{"v":3.4,"d":"3.400"},38.84,132.06]
["","","分部小计","",{"$nulls":5},143289.68,143289.68]
["        新建道路"]
["9","010101002001","挖土方","m3",{"v":36,"d":"36.000"},{"v":11.2,"d":"11.20"},{"v":403.2,"d":"403.20"},{"v":36,"d":"36.000"},{"v":11.2,"d":"11.20"},{"v":403.2,"d":"403.20"}]
["9.1","40101002","人工挖土方(三类土)","m3",{"v":36,"d":"36.000"},{"v":11.2,"d":"11.20"},{"v":403.2,"d":"403.20"},{"v":36,"d":"36.000"},{"v":11.2,"d":"11.20"},{"v":403.2,"d":"403.20"}]
["10","040103002001","余方弃置","m3",{"v":46.8,"d":"46.800"},6.44,301.39,{"v":36,"d":"36.000"},12.08,434.88,133.49]
["10.1","40101050","人工装汽车土方","m3",{"$nulls":3},{"v":36,"d":"36.000"},5.64,203.04,203.04]
["10.2","40101185","自卸汽车运土(载重8t运距1km以内)","m3",{"v":46.8,"d":"46.800"},6.44,301.39,{"v":36,"d":"36.000"},6.44,231.84,null,69.55]
["11","040202001001","垫层","m2",{"v":120,"d":"120.000"},12.65,{"v":1518,"d":"1518.00"},{"v":120,"d":"120.000"},12.65,{"v":1518,"d":"1518.00"}]
["11.1","40202086T","人工摊铺砂基层(厚度10cm)","m2",{"v":120,"d":"120.000"},12.65,{"v":1518,"d":"1518.00"},{"v":120,"d":"120.000"},12.65,{"v":1518,"d":"1518.00"}]
["12","040203006002","块料面层","m2",{"v":120,"d":"120.000"},350.01,{"v":42001.2,"d":"42001.20"},{"v":120,"d":"120.000"},196.19,{"v":23542.8,"d":"23542.80"},null,{"v":18458.4,"d":"18458.40"}]
["12.1","20101016","20mm水泥砂浆找平层(在砼或硬基层面上)","m2",{"v":120,"d":"120.000"},12.79,{"v":1534.8,"d":"1534.80"},null,12.79,null,null,{"v":1534.8,"d":"1534.80"}]
["12.2","50103025T","方整石板 厚15cm","m2",{"v":120,"d":"120.000"},228.66,{"v":27439.2,"d":"27439.20"},{"v":120,"d":"120.000"},131.86,{"v":15823.2,"d":"15823.20"},null,{"v":11616,"d":"11616.00"}]
["12.3","50106162","石面加工 一凿","m2",{"v":120,"d":"120.000"},108.56,{"v":13027.2,"d":"13027.20"},null,108.56,null,null,{"v":13027.2,"d":"13027.20"}]
["","","本页小计：","","","",44355.85,"","",26030.94,133.49,{"v":18458.4,"d":"18458.40"}]
["分部分项工程量清单审核书"]
[""]
["工程名称：武夷学院南门围墙工程",{"$nulls":9},"第3页 共4页"]
["序号","项目编码","项 目 名 称","单位","审前造价",null,null,"审后造价",null,null,"审核增","审核减"]
[{"$nulls":4},"原工程量","原单价","原合计","工程量","综合单价","合计"]
["12.4","50106161","石面加工 粗打","m2",{"$nulls":3},{"v":120,"d":"120.000"},64.33,{"v":7719.6,"d":"7719.60"},{"v":7719.6,"d":"7719.60"}]
["","","分部小计","",{"$nulls":5},25898.88,25898.88]
["        拆除及安装车棚工程"]
["13","040801006002","拆除砖砌体","m3",56.008,38.84,2175.35,56.008,38.84,2175.35]
["13.1","40104069","拆除砖砌其他构筑物","m3",56.008,38.84,2175.35,56.008,38.84,2175.35]
["14","010701002001","原停车棚拆除及安装","m2",{"v":864,"d":"864.000"},1.33,1149.12,{"v":864,"d":"864.000"},1.33,1149.12]
["14.1","40107044","拆除及安装原钢骨架、彩钢瓦屋面停车棚(人工工日)","工日",{"v":20,"d":"20.000"},57.28,{"v":1145.6,"d":"1145.60"},{"v":20,"d":"20.000"},57.28,{"v":1145.6,"d":"1145.60"}]
["15","010603002001","空腹柱","t",0.882,7409.84,6535.48,0.882,{"v":8022.3,"d":"8022.30"},7075.67,540.19]
["15.1","10106004","增加Φ75空腹钢柱制作(单根重量7t以内)","t",0.882,6859.56,6050.13,0.882,6859.56,6050.13]
["15.2","20105195","金属面银粉漆两遍","t",0.882,550.28,485.35,0.882,550.28,485.35]
["15.3","10106038","单根重量4t以内钢柱安装(履带式起重机)","t",{"$nulls":3},0.882,612.46,540.19,540.19]
["16","040202001003","垫层","m2",{"v":216,"d":"216.000"},12.61,2723.76,{"v":216,"d":"216.000"},12.61,2723.76]
["16.1","40202080T","砂砾石底层人机配合铺装(厚度20cm)","m2",{"v":216,"d":"216.000"},12.61,2723.76,{"v":216,"d":"216.000"},12.61,2723.76]
["17","040203005003","水泥混凝土","m2",{"v":432,"d":"432.000"},34.05,{"v":14709.6,"d":"14709.60"},{"v":432,"d":"432.000"},32.68,14117.76,null,591.84]
["17.1","40203041T","C20水泥砼路面现场拌制(厚度10cm) 砾石","m2",{"v":432,"d":"432.000"},34.05,{"v":14709.6,"d":"14709.60"},{"v":432,"d":"432.000"},32.68,14117.76,null,591.84]
["18","B001001","垃圾外运","m3",56.008,33.15,1856.67,56.008,33.15,1856.67]
["18.1","20108169T","人工装卸垃圾外运","m3",56.008,33.15,1856.67,56.008,33.15,1856.67]
["","","分部小计","",{"$nulls":5},29098.33,29098.33]
["","","本页小计：","","","",29149.98,"","",29098.33,540.19,591.84]
["分部分项工程量清单审核书"]
[""]
["工程名称：武夷学院南门围墙工程",{"$nulls":9},"第4页 共4页"]
["序号","项目编码","项 目 名 称","单位","审前造价",null,null,"审后造价",null,null,"审核增","审核减"]
[{"$nulls":4},"原工程量","原单价","原合计","工程量","综合单价","合计"]
["","","合    计：","","","",222219.78,"","",198286.89,673.68,24606.57]

{"sheet":"措施项目审核书2(含定额)","index":5,"n_rows":27,"n_cols":7,"rows_kept":27,"merged":[[0,0,0,6],[1,0,1,6],[2,0,2,4],[2,5,2,6],[3,0,4,0],[3,1,4,1],[3,2,4,2],[3,3,4,3],[3,4,4,4],[3,5,4,5],[3,6,4,6],[16,0,16,6],[23,0,23,6],[24,0,24,6]],"flags":["formulas_cached_only"]}
["措施项目工程量清单审核书"]
[""]
["工程名称：武夷学院南门围墙工程和兴贤车棚改造等零星工程",{"$nulls":4},"第1页 共1页"]
["序号","项 目 名 称","单位","审前合计","审后合计","审核增","审核减"]
[]
["1","文明施工费","项",{"v":744,"d":"744.00"},{"v":990,"d":"990.00"},{"v":246,"d":"246.00"}]
["2","安全施工费","项",{"v":1072,"d":"1072.00"},{"v":1428,"d":"1428.00"},{"v":356,"d":"356.00"}]
["3","临时设施费","项",{"v":982,"d":"982.00"},{"v":1309,"d":"1309.00"},{"v":327,"d":"327.00"}]
["4","夜间施工费","项",{"v":223,"d":"223.00"},{"v":298,"d":"298.00"},{"v":75,"d":"75.00"}]
["5","已完工程及设备保护费","项",{"v":149,"d":"149.00"},{"v":198,"d":"198.00"},{"v":49,"d":"49.00"}]
["6","风雨季施工增加费","项",{"v":342,"d":"342.00"},{"v":457,"d":"457.00"},{"v":115,"d":"115.00"}]
["7","生产工具用具使用费","项",{"v":104,"d":"104.00"},{"v":138,"d":"138.00"},{"v":34,"d":"34.00"}]
["8","工程点交、场地清理费","项",{"v":45,"d":"45.00"},{"v":60,"d":"60.00"},{"v":15,"d":"15.00"}]
["9","缩短工期措施费","项"]
["10","优良工程增加费","项"]
["11","各专业工程的措施项目",""]
["        新建栏杆围墙"]
["(1)","混凝土、钢筋混凝土模板及支架","项",9198.51,30090.12,20891.61]
["1.1","混凝土基础模板","m2",{"v":7562.4,"d":"7562.40"},null,null,{"v":7562.4,"d":"7562.40"}]
["1.2","胶合板模板 直形墙","m2",null,{"v":13551.6,"d":"13551.60"},{"v":13551.6,"d":"13551.60"}]
["1.3","胶合板模板 无底模基础梁、地圈梁","m2",null,1137.19,1137.19]
["1.4","里脚手架","m2",1636.11,null,null,1636.11]
["1.5","10M内钢管双排脚手架","m2",null,15401.33,15401.33]
["        新建道路"]
["        拆除及安装车棚工程"]
["","本页小计：","",12859.51,34968.12,22108.61]
["","合    计：","",12859.51,34968.12,22108.61]

{"sheet":"主要材料价格表(含合计)","index":6,"n_rows":155,"n_cols":8,"rows_kept":155,"merged":[[0,0,0,7],[1,0,1,7],[2,0,2,7],[3,0,3,5],[3,6,3,7],[39,0,39,7],[40,0,40,7],[41,0,41,7],[42,0,42,5],[42,6,42,7],[84,0,84,7],[85,0,85,7],[86,0,86,7],[87,0,87,5],[87,6,87,7],[128,0,128,7],[129,0,129,7],[130,0,130,7],[131,0,131,5],[131,6,131,7]],"flags":["formulas_cached_only"]}
["主要材料价格表"]
[""]
[""]
["工程名称：武夷学院南门围墙工程和兴贤车棚改造等零星工程",{"$nulls":5},"第1页 共4页"]
["序号","材料编号","材料名称","规格型号","单位","数量","单价","合计"]
["1","010100100009000","土石方、拆除、搬运工日","","工日",96.408,{"v":36,"d":"36.00"},{"v":3470.7,"d":"3470.70"}]
["2","010100500021000","综合工日","","工日",914.696,{"v":48,"d":"48.00"},43905.42]
["3","010100300043000","茅草","装饰工","工日",243.298,{"v":58,"d":"58.00"},14111.27]
["4","110100100003000","水泥","42.5","kg",12412.334,0.45,5523.49]
["5","110100100001000","水泥","32.5","kg",74178.598,0.41,30042.33]
["6","110300300169000","混凝土内撑条","20*25","m",20.493,0.95,19.47]
["7","130500100077000","钢板","","t",0.609,4827.57,2937.96]
["8","130302100005000","型钢","综合","t",0.167,{"v":4000,"d":"4000.00"},666.79]
["9","130300300349000","角钢","50×5","t",{"v":0.16,"d":"0.160"},{"v":3890,"d":"3890.00"},621.01]
["10","130300900003000","方钢","","kg",{"v":3277.41,"d":"3277.410"},3.72,12191.97]
["11","160100300029000","松木锯材","","m3",1.791,{"v":1310,"d":"1310.00"},2346.52]
["12","160100300019000","杉木锯材","","m3",0.092,{"v":1520,"d":"1520.00"},139.67]
["13","160300100029000","竹脚手板","","m2",{"v":129.75,"d":"129.750"},{"v":14,"d":"14.00"},{"v":1816.5,"d":"1816.50"}]
["14","160100300003000","板方材松木","","m3",null,{"v":799.5,"d":"799.50"}]
["15","160100100005000","杉圆木","","m3",0.004,{"v":1030,"d":"1030.00"},4.54]
["16","160100300043000","枕木","","m3",{"v":0.26,"d":"0.260"},{"v":1250,"d":"1250.00"},324.38]
["17","170901700003000","粘土膏","","m3",{"v":0.52,"d":"0.520"},{"v":37,"d":"37.00"},19.25]
["18","170700100325002","方整石","","m3",{"v":14.64,"d":"14.640"},{"v":800,"d":"800.00"},{"v":11712,"d":"11712.00"}]
["19","170700100109000","小乱毛石","","m3",54.277,{"v":65,"d":"65.00"},3528.01]
["20","170700100039000","碎石","5～16mm","m3",172.384,{"v":75,"d":"75.00"},12928.81]
["21","170700100027000","乱毛石","","m3",null,{"v":75,"d":"75.00"}]
["22","170700100011000","砾石","5～40mm","m3",42.976,{"v":55,"d":"55.00"},2363.68]
["23","170500100039000","中(细)砂","损耗2%+膨胀1.18","m3",6.939,{"v":105,"d":"105.00"},728.64]
["24","170500100037000","中(粗)砂","损耗2%+膨胀1.18","m3",142.134,{"v":105,"d":"105.00"},14924.11]
["25","170500100011000","天然中砂","","m3",13.464,{"v":90,"d":"90.00"},1211.76]
["26","170700100327000","天然砂砾","5～80mm","m3",26.438,{"v":80,"d":"80.00"},2115.07]
["27","170100300043000","红砖","240×115×53","块",16470.024,0.37,6093.91]
["28","120100300125000","普通钢筋混凝土C20(42.5) 砾石40mm 塌落度30～50mm","","m3",43.848,215.36,9443.24]
["29","120100300041000","普通混凝土C15(32.5) 碎石16mm 塌落度30～50mm","","m3",217.109,236.34,51312.07]
["30","120100100109000","普通混凝土C20(42.5) 砾石40mm 塌落度10～30mm","","m3",{"v":3.73,"d":"3.730"},204.29,762.03]
["31","120100100025000","普通混凝土C10(32.5) 砾石40mm 塌落度10～30mm","","m3",null,186.22]
["32","124100100141000","素水泥浆","","m3",0.352,{"v":609,"d":"609.00"},214.14]
["33","124100100115000","水泥砂浆1:3(32.5)","","m3",4.712,271.41,1278.85]
["34","124100100107000","水泥砂浆1:1(32.5)","","m3",3.333,374.88,1249.61]
["主要材料价格表"]
[""]
[""]
["工程名称：武夷学院南门围墙工程",{"$nulls":5},"第2页 共4页"]
["序号","材料编号","材料名称","规格型号","单位","数量","单价","合计"]
["35","123900300003000","砌筑混合砂浆M5(32.5)","","m3",6.504,187.59,1220.14]
["36","123900100003000","砌筑水泥砂浆M5(32.5)","","m3",{"v":6,"d":"6.000"},{"v":197.7,"d":"197.70"},{"v":1186.2,"d":"1186.20"}]
["37","450500100173000","拉杆螺栓","","kg",25.323,{"v":4.3,"d":"4.30"},108.89]
["38","241300100023000","乙炔气","","m3",6.662,{"v":35.7,"d":"35.70"},237.84]
["39","241300100019000","氧气","","m3",15.326,{"v":3.8,"d":"3.80"},58.24]
["40","240300700155000","脱模剂","","kg",null,3.59]
["41","240300700015000","催干剂","","kg",0.247,6.63,1.64]
["42","240100500069000","洗油","","kg",0.092,1.43,0.13]
["43","240100500053000","清油","","kg",3.925,{"v":9,"d":"9.00"},35.32]
["44","240100500033000","机油","5～7#","kg",0.123,4.74,0.58]
["45","240100300013000","油漆溶剂油","200#","kg",11.931,6.12,73.02]
["46","240100700005000","石油沥青","10#","kg",37.683,{"v":4.6,"d":"4.60"},173.34]
["47","240100100019000","铅油","","kg",{"v":2.45,"d":"2.450"},6.86,16.81]
["48","240100100015000","汽油","90#","kg",11.835,9.91,117.28]
["49","210700100011000","醇酸漆稀释剂","","kg",3.032,6.32,19.16]
["50","210500100027000","银粉","","kg",{"v":0.97,"d":"0.970"},30.91,29.99]
["51","210300900009000","防锈漆(红丹)","","kg",60.281,{"v":13,"d":"13.00"},783.65]
["52","210300100003000","醇酸磁漆","","kg",28.363,{"v":11,"d":"11.00"},{"v":312,"d":"312.00"}]
["53","520500100791000","螺栓","","kg",1.535,6.64,10.19]
["54","423700100009000","脚手钢管","Φ48mm","kg",435.311,4.37,1902.31]
["55","520700100701000","塑料管","φ15","m",120.716,{"v":1,"d":"1.00"},120.72]
["56","131300100474000","钢管","Φ48×3.5","t.月",7.935,{"v":155,"d":"155.00"},1229.93]
["57","131300100609000","钢直扶梯","","kg",{"v":26.21,"d":"26.210"},{"v":7,"d":"7.00"},183.47]
["58","131300100467000","钢管支撑","","kg",null,{"v":4.3,"d":"4.30"}]
["59","131300101483000","铸铁花件","","个",700.738,{"v":9.2,"d":"9.20"},6446.79]
["60","131300101529000","组合钢模板","","kg",null,3.01]
["61","131300101231000","铁件","","kg",225.899,{"v":5.1,"d":"5.10"},1152.08]
["62","131300101047000","零星卡具","","kg",null,{"v":3.8,"d":"3.80"}]
["63","131300100159000","垫铁","","kg",25.172,{"v":5.1,"d":"5.10"},128.38]
["64","130700100069000","加固钢丝绳","φ18","kg",0.116,5.19,{"v":0.6,"d":"0.60"}]
["65","520700100315000","其他材料费","","%",571.485,{"v":1,"d":"1.00"},571.48]
["66","520700100317000","其他材料费","","元",1188.984,{"v":1,"d":"1.00"},1188.98]
["67","520700100063000","电","","kW·h",-33.178,0.83,-27.54]
["68","520700100383000","水","","m3",{"v":399.61,"d":"399.610"},{"v":2.3,"d":"2.30"},{"v":919.1,"d":"919.10"}]
["69","520700100287000","模板嵌缝料","","kg",null,6.94]
["70","520700100129000","隔离剂","","kg",{"v":37.44,"d":"37.440"},1.06,39.69]
["71","220100900027000","嵌缝料","","kg",{"v":34.5,"d":"34.500"},{"v":6,"d":"6.00"},{"v":207,"d":"207.00"}]
["72","520300100027000","电焊条","","kg",165.922,{"v":3.8,"d":"3.80"},{"v":630.5,"d":"630.50"}]
["73","520100700003000","草袋","","个",{"v":80.48,"d":"80.480"},{"v":2,"d":"2.00"},160.96]
["74","520100700005000","草袋","","m2",2.205,{"v":2,"d":"2.00"},4.41]
["主要材料价格表"]
[""]
[""]
["工程名称：武夷学院南门围墙工程",{"$nulls":5},"第3页 共4页"]
["序号","材料编号","材料名称","规格型号","单位","数量","单价","合计"]
["75","520100300013000","麻绳","","kg",0.018,{"v":1.4,"d":"1.40"},0.02]
["76","520100300007000","麻袋","","只",0.088,{"v":3,"d":"3.00"},0.26]
["77","520700100593000","安全网","","m2",{"v":36.07,"d":"36.070"},9.77,352.41]
["78","520100100027000","豆包布（白布）","0.9m宽","m",0.118,{"v":4,"d":"4.00"},0.47]
["79","520100100047000","棉纱头","","kg",2.749,9.78,26.89]
["80","520502300149000","石料切割锯片","","片",2.193,{"v":9,"d":"9.00"},19.74]
["81","520700100663000","砂纸","","张",11.835,{"v":0.2,"d":"0.20"},2.37]
["82","131300100827000","蝴蝶扣","","个",31.706,{"v":1.6,"d":"1.60"},50.73]
["83","131300100887000","脚手管(扣)件","","个",712.068,{"v":2.8,"d":"2.80"},1993.79]
["84","131300100137000","底座","","个",4.541,{"v":2.9,"d":"2.90"},13.17]
["85","520502300133000","砂轮切割片","φ150","片",0.613,{"v":2.9,"d":"2.90"},1.78]
["86","131300100996000","扣件","","个.月",328.647,0.36,118.31]
["87","520500300205000","圆钉","","kg",null,{"v":4.5,"d":"4.50"}]
["88","520500300183000","铁钉","","kg",6.897,4.28,29.52]
["89","520700100671000","铁砂布","0#～2#","张",24.718,{"v":0.7,"d":"0.70"},{"v":17.3,"d":"17.30"}]
["90","131300100317000","镀锌铁丝","22#","kg",{"v":1.07,"d":"1.070"},{"v":4,"d":"4.00"},4.28]
["91","131300100321000","镀锌铁丝","8#","kg",89.654,{"v":3.6,"d":"3.60"},322.76]
["92","210100300015000","外墙水泥漆面漆","","kg",{"v":38.43,"d":"38.430"},{"v":38,"d":"38.00"},1460.35]
["93","210100300011000","外墙水泥漆底漆","","kg",22.709,{"v":7.5,"d":"7.50"},170.32]
["94","160100700061000","胶合板（18厚、一级、酚醛）","","m2",93.831,{"v":39,"d":"39.00"},3659.39]
["95","180102500049002","陶瓷面砖","200×60","m2",214.475,{"v":28,"d":"28.00"},6005.31]
["96","612300100261000","其他机械费","","元",858.578,{"v":1,"d":"1.00"},858.58]
["97","612300100269000","千斤顶","","台班",1.458,8.11,11.82]
["98","612500100089000","恒温箱","","台班",2.984,62.75,187.27]
["99","612300100301000","手提电钻","","台班",1.458,20.11,29.32]
["100","611100100093000","混凝土振动梁","","台班",2.881,25.75,{"v":74.2,"d":"74.20"}]
["101","611900100033000","电动空气压缩机","10m3/min","台班",0.268,440.71,118.22]
["102","611700100021000","直流弧焊机","32kW","台班",{"v":0.72,"d":"0.720"},85.39,{"v":61.5,"d":"61.50"}]
["103","611700100007000","交流弧焊机","容量42kV.A","台班",11.225,108.65,1219.55]
["104","611700100003000","交流弧焊机","容量30kV.A","台班",2.266,70.45,159.66]
["105","612300100065000","电焊条烘干箱","600×500×750mm","台班",2.984,23.77,70.94]
["106","611100100059000","混凝土磨光机","","台班",2.881,18.51,53.34]
["107","611300100281000","型钢矫正机","","台班",0.369,209.58,77.31]
["108","611300100133000","型钢剪断机","500","台班",0.301,218.82,65.95]
["109","612300100325000","台式砂轮机","Φ250","台班",1.458,5.54,8.08]
["110","611300100275000","石料切割机","","台班",2.368,18.48,43.77]
["111","612300100295000","砂轮切割机","Φ400","台班",1.458,5.93,8.65]
["112","611300100129000","剪板机","40×3100","台班",0.135,671.13,90.29]
["113","611300100249000","钢板校平机","厚度×宽度30×2600","台班",0.135,941.73,{"v":126.7,"d":"126.70"}]
["主要材料价格表"]
[""]
[""]
["工程名称：武夷学院南门围墙工程",{"$nulls":5},"第4页 共4页"]
["序号","材料编号","材料名称","规格型号","单位","数量","单价","合计"]
["114","611300100111000","摇臂钻床","Φ50","台班",0.469,153.65,72.13]
["115","611300100167000","刨边机","12000mm","台班",0.176,675.28,118.56]
["116","611300100033000","木工圆锯机","φ500","台班",1.123,{"v":22.3,"d":"22.30"},25.05]
["117","611100100001000","混凝土震捣器","插入式","台班",0.381,{"v":8.8,"d":"8.80"},3.36]
["118","611100100137000","双锥反转出料混凝土搅拌机","350L","台班",1.598,131.26,209.81]
["119","611100100027000","灰浆搅拌机","200L","台班",2.056,15.62,32.11]
["120","611100100025000","滚筒式混凝土搅拌机","电动400L","台班",16.558,134.45,2226.25]
["121","610900100091000","手动葫芦","","台班",1.458,61.23,89.27]
["122","610700100093000","轨道平车","10t","台班",0.936,48.93,45.82]
["123","610700100085000","洒水车","4000L","台班",0.018,421.63,7.59]
["124","610700100029000","自卸汽车","8t","台班",0.331,640.06,211.99]
["125","610700100109000","载重汽车","8t","台班",0.201,515.94,103.51]
["126","610700100107000","载重汽车","6t","台班",0.815,455.08,370.83]
["127","610700100103000","载重汽车","4t","台班",2.688,{"v":398,"d":"398.00"},1069.98]
["128","610500100051000","汽车式起重机","12t","台班",null,570.86]
["129","610500100045000","汽车式起重机","5t","台班",0.133,{"v":400,"d":"400.00"},53.17]
["130","610500100087000","门式起重机","20t","台班",{"v":0.57,"d":"0.570"},532.48,303.54]
["131","610500100085000","门式起重机","10t","台班",1.509,{"v":331.6,"d":"331.60"},500.37]
["132","610500100011000","履带式起重机","15t","台班",0.037,674.85,{"v":25.3,"d":"25.30"}]
["133","610100100171000","内燃光轮压路机","15t","台班",0.393,500.24,196.65]
["134","610100100167000","内燃光轮压路机","8t","台班",0.124,300.07,37.09]
["135","610100100177000","平地机","90kW","台班",0.143,496.79,70.82]